000 01316nam a2200373 a 4500
001 16746
003 BD-RjUL
005 20211209000039.0
008 140215s1992 sp a bc 000 0 spa d
020 _a8480590157 (Complete work)
020 _a8480590165 (v. 1)
020 _a8480590173 (v. 2)
020 _a8480590181 (v. 3)
020 _a848059019X (v. 4)
035 _a(BD-RjUL)16801
035 _a(CStRLIN)MAHA93-B1141
040 _aDNGA
_cDNGA
_dMH-FA
_dDLC
_dBD-RjUL
_beng
041 _aeng
082 _a704.942
_bROP
100 1 _aRodrigo, Luis Carlos.
_951720
245 1 0 _aPicasso in his posters :
_bimage and work /
_cLuis Carlos Rodrigo.
260 _aSpain :
_bArte Ediciones,
_cc1992.
300 _a4 v. (2,425 p.) :
_bcol. ill. ;
_c31 cm.
500 _aPaged continously.
504 _aIncludes bibliographical references and indexes.
505 0 _av. 1. Posters, 001-315 -- v. 2. Posters, 316-630 -- v. 3. Commentaries -- v. 4. Classified bibliography.
600 1 0 _aPicasso, Pablo,
_d1881-1973
_xCatalogs.
_9225626
600 1 0 _aPicasso, Pablo,
_d1881-1973
_xCriticism and interpretation.
_9225627
650 0 _aPosters
_y20th century
_xCatalogs.
_951723
700 1 _aPicasso, Pablo,
_d1881-1973.
_9225628
942 _2ddc
_cBK
999 _c16746
_d16746